| 000 | 00000ngm 2200000zi 4500 |
| 001 | 9.904315 |
| 003 | CaOODSP |
| 005 | 20240312142905 |
| 006 | m o c f |
| 007 | cr cna|||||||| |
| 008 | 211021s2022 oncnnn fo v|eng d |
| 020 | |a9780660406862 |
| 040 | |aCaOODSP|beng|erda|cCaOODSP |
| 043 | |an-cn--- |
| 086 | 1 |aCH57-4/27-2022E-MP4 |
| 245 | 00|aNomenclature for museum cataloging : |bintroduction. |
| 264 | 1|a[Ottawa] : |bCanadian Conservation Institute = Institut canadien de conservation, |c2022. |
| 300 | |a1 online resource (1 video file (05 min., 30 sec.)) : |bsound, colour |
| 336 | |atwo dimensional moving image|btdi|2rdacontent |
| 337 | |acomputer|bc|2rdamedia |
| 338 | |aonline resource|bcr|2rdacarrier |
| 500 | |aVideo transcript in HTML format provided by publisher. |
| 500 | |aPublication replaced [12 March 2024] as requested by the publisher. |
| 538 | |aSystem requirements: Multimedia player software such as Windows Media Player. |
| 538 | |aMode of access: World Wide Web. |
| 650 | 0|aDescriptive cataloging|zCanada. |
| 650 | 0|aMuseums|xCollection management|zCanada. |
| 710 | 1 |aCanada. |bCanadian Heritage, |eissuing body. |
| 710 | 2 |aCanadian Conservation Institute, |eissuing body. |
| 775 | 08|tNomenclature pour le catalogage de musée : |w(CaOODSP)9.904316 |
| 856 | 40|qMP4|s151.46 MB|uhttps://publications.gc.ca/collections/collection_2024/pch/CH57-4-27-2022-eng.mp4|z(video) |
| 856 | 4 |qHTML|sN/A|uhttps://www.canada.ca/en/heritage-information-network/services/collections-documentation-standards/nomenclature-museum-cataloging.html|z(transcript) |